000 00400nam a2200157Ia 4500
008 240729s9999 xx 000 0 und d
022 _a1875-6859
245 0 _aJournal of Men's Health
260 _aSingapore
260 _bMRE Press
650 _a Medicine (General)
650 _aMedicine
856 _uhttps://doaj.org/toc/3adbb75be45a4945ad82bb0be5b11303
942 _2ddc
942 _cDOAJEJ
999 _c67950
_d67950
945 _a1
_bMadushi Gamage
_c1
_dMadushi Gamage